|
|
|
|
| LEADER |
00644nab a2200181 i 4500 |
| 001 |
acta26506 |
| 005 |
20210224142942.0 |
| 008 |
161017s1975 hu o 0|| hun d |
| 022 |
|
|
|a 0544-7224
|
| 040 |
|
|
|a SZTE Egyetemi Kiadványok Repozitórium
|b hun
|
| 041 |
|
|
|a hun
|
| 100 |
1 |
|
|a Szabó Balázsné
|
| 245 |
1 |
2 |
|a A funkcionális szemlélet érvényesítése az anyanyelvi nevelésben
|h [elektronikus dokumentum] /
|c Szabó Balázsné
|
| 260 |
|
|
|c 1975
|
| 300 |
|
|
|a 16-23
|
| 490 |
0 |
|
|a Módszertani közlemények
|v 15 No. 1
|
| 695 |
|
|
|a Neveléstudomány
|
| 856 |
4 |
0 |
|u http://acta.bibl.u-szeged.hu/26506/1/modszertani_015_001_016-023.pdf
|z Dokumentum-elérés
|